Diccionario histórico - geográfico de la comuna de Arauco

Saved in:
Bibliografiske detaljer
Hovedforfatter: Torres Aillón, Luis (Author)
Format: Bog
Sprog:spansk
Udgivet: Lota Graphic store 0000
Udgivelse:1a. ed
Fag:
Tags: Tilføj Tag
Ingen Tags, Vær først til at tagge denne postø!

MARC

LEADER 00000nam a2200000 a 4500
001 UCI1100
003 CL-VaPUC
008 070615e00000000CL |||||||||||||||||spa|d
020 |a 9563100382 
082 0 4 |a 498  |b TOR  |2 21 
100 0 |a Torres Aillón, Luis  |e author  |9 521456 
245 1 0 |a Diccionario histórico - geográfico de la comuna de Arauco 
250 |a 1a. ed 
300 |a 2480 p 
942 |c BK 
945 |d 20070615 00:00:00  |a castudil 
260 |a Lota  |b Graphic store  |c 0000 
650 0 |a Mapuche   |9 344248 
650 0 |a Historia de Chile  |9 265473 
651 7 |a CHILE  |2 CL-VaPUC  |9 521457 
651 7 |a ARAUCO  |2 CL-VaPUC  |9 358066 
583 |a last modification  |c 20070615 00:00:00  |k Rodrigo Vera 
999 |c 326012  |d 326010 
952 |0 0  |1 0  |4 0  |6 498_000000000000000_TOR_0000  |7 0  |8 X  |9 407624  |a FDOMLP  |b FDOMLP  |d 2019-11-22  |i 4242769  |o 498 TOR 0000  |p 4242769  |r 2019-11-22  |w 2019-11-22  |y BK_X  |k BU2